000 00710cam a22002172 4500
001 0000003273
005 20151217154337.0
008 070502s xx 000 0 eng d
020 _cKES 100
040 _aKABU
_cKABU
050 0 _aHQ1236.5
_b.K4W66
245 1 0 _aWomen and law in Kenya :
_bperspectives and emerging issues /
_ced. by Mary Adhiambo Mbeo, and Oki Ooko-Ombaka.
260 _aNairobi :
_bPublic Law Institute,
_c1989.
300 _a130 p.
600 1 0 _aOoko-Ombaka, Oki.
_@0000153044
650 0 _aWomen
_xLegal Status, Law, etc
_zKenya.
_@0000153045
700 1 _aMbeo, Mary Adhiambo.
_@0000153046
908 _a070502
950 _@1
999 _c10653
_d10653